[Event "Quebec-ch U10"]
[Site "Montreal"]
[Date "2017.03.04"]
[Round "1"]
[White "Tao, Neilson"]
[Black "Chang, Alexander Rz"]
[Result "0-1"]
[WhiteElo "1045"]
[BlackElo "1629"]
[PlyCount "84"]
[EventDate "2017.03.04"]
[EventType "swiss"]
[EventRounds "5"]
[EventCountry "CAN"]
[SourceTitle "EXT 2022"]
[Source "ChessBase"]
[SourceDate "2021.10.06"]
[SourceVersion "1"]
[SourceVersionDate "2021.10.06"]
[SourceQuality "1"]

1. e4 e5 2. Nf3 Nc6 3. Nc3 Nf6 4. d4 exd4 5. Nxd4 Bc5 6. Nxc6 dxc6 7. Qxd8+ Kxd8 8. Bd3 Ng4 9. Nd1 Ne5 10. 0-0 Nxd3 11. cxd3 Ke7 12. Re1 Be6 13. Nc3 Rhd8 14. Be3 Bd4 15. Bxd4 Rxd4 16. Re3 Rad8 17. Rd1 Bc4 18. Ne2 Rxd3 19. Rdxd3 Rxd3 20. Rxd3 Bxd3 21. Nc3 b5 22. b4 Bc4 23. a3 Kd6 24. f3 Ke5 25. Kf2 Kd4 26. Nb1 Kd3 27. Ke1 Kc2 28. Nd2 Kb2 29. Nxc4+ bxc4 30. Kd2 c3+ 31. Ke3 c2 32. Kf4 c1Q+ 33. Kg3 Qg5+ 34. Kf2 Kc2 35. a4 Kd2 36. a5 h5 37. a6 h4 38. g3 h3 39. f4 Qb5 40. g4 Qd3 41. e5 Qe3+ 42. Kf1 Qe1# 0-1

[Event "Quebec-ch U10"]
[Site "Montreal"]
[Date "2016.01.16"]
[Round "2"]
[White "Tao, Neilson"]
[Black "Lim, Nicolas"]
[Result "0-1"]
[WhiteElo "1074"]
[BlackElo "850"]
[PlyCount "96"]
[EventDate "2016.01.15"]
[EventType "swiss"]
[EventRounds "5"]
[EventCountry "CAN"]
[SourceTitle "EXT 2017"]
[Source "ChessBase"]
[SourceDate "2016.10.25"]
[SourceVersion "1"]
[SourceVersionDate "2016.10.25"]
[SourceQuality "1"]

1. e4 e5 2. Nf3 Nc6 3. Nc3 Nf6 4. d4 exd4 5. Nxd4 g6 6. Bg5 Bg7 7. Qf3 Nxd4 8. Qd3 Ne6 9. Bxf6 Bxf6 10. 0-0-0 d6 11. Qd2 Bg7 12. Bc4 Qe7 13. Bxe6 Bxe6 14. Rhe1 0-0-0 15. f4 Kb8 16. f5 Bd7 17. Rf1 gxf5 18. exf5 Bxc3 19. Qxc3 Rhf8 20. f6 Qe5 21. Qxe5 dxe5 22. Rd2 Bb5 23. Rfd1 Rxd2 24. Rxd2 a6 25. b3 Bc6 26. g4 Rg8 27. h3 Ka7 28. c4 Rg6 29. a4 Rxf6 30. Ra2 Rf3 31. b4 Rc3+ 32. Rc2 Rxc2+ 33. Kxc2 Bxa4+ 34. Kd3 f6 35. h4 b5 36. cxb5 axb5 37. g5 fxg5 38. hxg5 Kb6 39. Ke4 c5 40. Kxe5 cxb4 41. Kd4 b3 42. Kc3 Kc5 43. Kb2 Kc4 44. Kc1 Kc3 45. Kb1 b2 46. g6 Bc2+ 47. Ka2 b1Q+ 48. Ka3 Qb3# 0-1

[Event "CAN-ch U08"]
[Site "Windsor"]
[Date "2015.07.09"]
[Round "6.124"]
[White "Tao, Neilson"]
[Black "Zhu, Matthew"]
[Result "1-0"]
[WhiteElo "993"]
[BlackElo "917"]
[PlyCount "127"]
[EventDate "2015.07.06"]
[EventType "swiss"]
[EventRounds "7"]
[EventCountry "CAN"]
[SourceTitle "EXT 2022"]
[Source "ChessBase"]
[SourceDate "2021.10.06"]
[SourceVersion "1"]
[SourceVersionDate "2021.10.06"]
[SourceQuality "1"]

1. e4 c5 2. Nf3 Nc6 3. d4 cxd4 4. Nxd4 Nf6 5. Nc3 e5 6. Ndb5 d6 7. Bg5 a6 8. Bxf6 gxf6 9. Na3 b5 10. Nd5 f5 11. exf5 Bxf5 12. Bd3 Be6 13. Be4 Bg7 14. 0-0 0-0 15. Qh5 h6 16. Nf6+ Qxf6 17. Bxc6 Rac8 18. Be4 b4 19. Nb1 Bc4 20. Re1 d5 21. Bf5 Rcd8 22. Nd2 Bb5 23. f3 Rfe8 24. Kh1 Bc6 25. Re2 Bb5 26. Ree1 Bc6 27. Re2 Bd7 28. Bxd7 Rxd7 29. g3 Qg6 30. Qxg6 fxg6 31. f4 e4 32. Nf3 Rde7 33. Nd2 Bxb2 34. Rb1 Bc3 35. Nb3 Bg7 36. Nc5 a5 37. h4 Rc8 38. Na4 Bf6 39. Rd2 d4 40. Nb6 Rd8 41. Rb3 g5 42. h5 Rb7 43. Na4 Rbd7 44. Nc5 Re7 45. a3 bxa3 46. Rxa3 Ra8 47. Re2 e3 48. fxg5 Bxg5 49. Nb3 Rea7 50. Nxd4 Be7 51. Raxe3 Re8 52. Nc6 a4 53. Nxa7 a3 54. c4 a2 55. Rxa2 Kf8 56. Rf2+ Kg8 57. Nc6 Kh8 58. Nxe7 Rd8 59. Ng6+ Kg7 60. Kh2 Rd7 61. c5 Rc7 62. Kh3 Rd7 63. c6 Rc7 64. Re7+ 1-0